[Event "Landesliga Nord 1213"]
[Site "Bayern"]
[Date "2012.12.09"]
[Round "4.7"]
[White "Strube, Frank"]
[Black "Hanft, Michael"]
[Result "1-0"]
[WhiteElo "2102"]
[BlackElo "1977"]
[PlyCount "123"]
[EventDate "2012.10.14"]
[EventType "team-tourn"]
[EventRounds "9"]
[EventCountry "GER"]
[SourceTitle "EXT 2015"]
[Source "ChessBase"]
[SourceDate "2014.11.20"]
[SourceVersion "1"]
[SourceVersionDate "2014.11.20"]
[SourceQuality "1"]
[WhiteTeam "Bamberg"]
[BlackTeam "Kitzingen"]
[WhiteTeamCountry "GER"]
[BlackTeamCountry "GER"]

1. c4 f5 2. Nc3 Nf6 3. g3 g6 4. Bg2 Bg7 5. d3 0-0 6. e4 fxe4 7. dxe4 Nc6 8. Nge2 d6 9. 0-0 Bd7 10. f3 Ne5 11. b3 c6 12. Be3 b6 13. Qd2 Qc8 14. Nf4 Nf7 15. Rad1 e5 16. Nfe2 Bh3 17. g4 Bxg2 18. Kxg2 Qe6 19. Ng3 Rad8 20. Rf2 Rd7 21. Qe1 Rfd8 22. Rfd2 Ne8 23. h4 Nc7 24. h5 d5 25. exd5 cxd5 26. hxg6 hxg6 27. cxd5 Nxd5 28. Nxd5 Rxd5 29. Ne4 Rxd2+ 30. Rxd2 Rxd2+ 31. Qxd2 Bf8 32. Qc1 a6 33. Qc7 b5 34. Qb8 Kg7 35. Qb7 Be7 36. Kg3 Kg8 37. Kg2 Kg7 38. Bg5 Nxg5 39. Nxg5 Qd6 40. Ne4 Qa3 41. Kg3 Kf8 42. Qa8+ Kg7 43. Qd5 Qb2 44. Qe6 Kf8 45. Qxg6 Qd4 46. g5 Qg1+ 47. Kh3 Qh1+ 48. Kg4 Qg2+ 49. Ng3 Qxa2 50. Qf5+ Ke8 51. Qxe5 Qxb3 52. Nf5 Qb4+ 53. f4 Qc5 54. Qb8+ Kd7 55. Qb7+ Ke8 56. g6 Qg1+ 57. Ng3 Qd1+ 58. Kh3 Qd4 59. Qc8+ Qd8 60. Qc6+ Qd7+ 61. Qxd7+ Kxd7 62. g7 1-0

[Event "Landesliga Nord 1213"]
[Site "Bayern"]
[Date "2012.10.14"]
[Round "1.7"]
[White "Strube, Frank"]
[Black "Bunk, Karsten"]
[Result "1-0"]
[WhiteElo "2102"]
[BlackElo "2028"]
[PlyCount "81"]
[EventDate "2012.10.14"]
[EventType "team-tourn"]
[EventRounds "9"]
[EventCountry "GER"]
[SourceTitle "EXT 2015"]
[Source "ChessBase"]
[SourceDate "2014.11.20"]
[SourceVersion "1"]
[SourceVersionDate "2014.11.20"]
[SourceQuality "1"]
[WhiteTeam "Bamberg"]
[BlackTeam "Nuernberg Sued SW"]
[WhiteTeamCountry "GER"]
[BlackTeamCountry "GER"]

1. Nf3 g6 2. c4 Nf6 3. Nc3 d5 4. cxd5 Nxd5 5. Qb3 Nb6 6. Ng5 e6 7. d3 Bg7 8. g3 Bd7 9. Bg2 h6 10. Nge4 Bc6 11. 0-0 N8d7 12. a4 a5 13. Be3 Qe7 14. Nb5 Nd5 15. Bd2 0-0 16. Nec3 Nc5 17. Qd1 Rfd8 18. Rc1 e5 19. Nxd5 Bxd5 20. Be3 Ne6 21. Bxd5 Rxd5 22. Qb3 Rd7 23. Nc3 Qb4 24. Qa2 Re8 25. Ne4 Nd4 26. Rfe1 Nb3 27. Rc3 Nd4 28. Bxh6 b5 29. Bd2 bxa4 30. Rc4 Qb3 31. Rxa4 Qxa2 32. Rxa2 Nb3 33. Bg5 Re6 34. Ra3 f5 35. Rxb3 fxe4 36. dxe4 Bf8 37. Rb8 Kf7 38. Rc1 Bb4 39. Rc8 c5 40. Be3 Bd2 41. Rd1 1-0

[Event "Regionalliga NW 1112"]
[Site "Bayern"]
[Date "2012.02.05"]
[Round "6.4"]
[White "Strube, Frank"]
[Black "Lang, Stefan1111"]
[Result "1/2-1/2"]
[WhiteElo "2120"]
[BlackElo "1998"]
[PlyCount "56"]
[EventDate "2011.10.02"]
[EventType "team-tourn"]
[EventRounds "9"]
[EventCountry "GER"]
[SourceTitle "EXT 2013"]
[Source "ChessBase"]
[SourceDate "2012.11.22"]
[SourceVersion "1"]
[SourceVersionDate "2012.11.22"]
[SourceQuality "1"]
[WhiteTeam "Bamberg"]
[BlackTeam "Bad Neustadt"]
[WhiteTeamCountry "GER"]
[BlackTeamCountry "GER"]

1. Nf3 c5 2. c4 Nc6 3. g3 e5 4. Nc3 g6 5. Bg2 Bg7 6. 0-0 Nge7 7. a3 0-0 8. d3 d6 9. Rb1 f5 10. Ne1 Kh8 11. b4 Rb8 12. Nc2 Nd4 13. e3 Ne6 14. Nd5 Nxd5 15. Bxd5 Nc7 16. Bg2 b6 17. d4 Be6 18. d5 Bd7 19. b5 Qc8 20. Bb2 a6 21. a4 a5 22. Qd2 Ne8 23. Ne1 Qd8 24. Nd3 Rb7 25. f3 Bc8 26. Rbe1 Rbf7 27. Nf2 Kg8 28. Nd3 Kh8 1/2-1/2

[Event "Landesliga Nord 0910"]
[Site "Bayern"]
[Date "2010.03.21"]
[Round "8.4"]
[White "Strube, Frank"]
[Black "Huemmer, Bernd"]
[Result "1/2-1/2"]
[WhiteElo "2092"]
[BlackElo "2135"]
[PlyCount "20"]
[EventDate "2009.10.18"]
[EventType "team-tourn"]
[EventRounds "9"]
[EventCountry "GER"]
[SourceTitle "EXT 2011"]
[Source "ChessBase"]
[SourceDate "2010.11.26"]
[SourceVersion "1"]
[SourceVersionDate "2010.11.26"]
[SourceQuality "1"]
[WhiteTeam "Bamberg"]
[BlackTeam "Schweinfurt"]
[WhiteTeamCountry "GER"]
[BlackTeamCountry "GER"]

1. c4 d6 2. Nc3 e5 3. g3 Nc6 4. Bg2 g6 5. d3 Bg7 6. e4 Nge7 7. Nge2 Be6 8. Nd5 0-0 9. 0-0 Qd7 10. Be3 Nd4 1/2-1/2

[Event "Landesliga Nord 0910"]
[Site "Bayern"]
[Date "2010.02.28"]
[Round "7.4"]
[White "Basel, Matthias"]
[Black "Strube, Frank"]
[Result "0-1"]
[WhiteElo "1999"]
[BlackElo "2092"]
[PlyCount "80"]
[EventDate "2009.10.18"]
[EventType "team-tourn"]
[EventRounds "9"]
[EventCountry "GER"]
[SourceTitle "EXT 2011"]
[Source "ChessBase"]
[SourceDate "2010.11.26"]
[SourceVersion "1"]
[SourceVersionDate "2010.11.26"]
[SourceQuality "1"]
[WhiteTeam "Kitzingen"]
[BlackTeam "Bamberg"]
[WhiteTeamCountry "GER"]
[BlackTeamCountry "GER"]

1. d4 d5 2. Nf3 Nf6 3. c4 c6 4. Nc3 dxc4 5. a4 Bf5 6. Ne5 Nbd7 7. Nxc4 Nb6 8. Ne5 a5 9. f3 Nfd7 10. Nd3 Bxd3 11. Qxd3 e5 12. Be3 Bd6 13. Rd1 0-0 14. g3 Qe7 15. Bh3 Rad8 16. Bxd7 Nxd7 17. d5 Nf6 18. Bb6 Rd7 19. dxc6 bxc6 20. Qc4 Bb4 21. Qxc6 Rb8 22. Rxd7 Nxd7 23. Be3 e4 24. f4 Bxc3+ 25. Qxc3 Nf6 26. Qxa5 Rxb2 27. 0-0 Rxe2 28. Bc5 Qe6 29. Qd8+ Ne8 30. f5 Qc6 31. Qb6 Qxa4 32. Qd8 Qc6 33. Qb6 Qxb6 34. Bxb6 h5 35. h3 Nd6 36. Bc5 Nc4 37. Ra1 Nd2 38. Ra8+ Kh7 39. Ra7 f6 40. Bf8 e3 0-1

[Event "Landesliga Nord 0910"]
[Site "Bayern"]
[Date "2009.10.18"]
[Round "1.4"]
[White "Strube, Frank"]
[Black "Kraich, Klaus"]
[Result "1-0"]
[WhiteElo "2092"]
[BlackElo "2083"]
[PlyCount "97"]
[EventDate "2009.10.18"]
[EventType "team-tourn"]
[EventRounds "9"]
[EventCountry "GER"]
[SourceTitle "EXT 2011"]
[Source "ChessBase"]
[SourceDate "2010.11.26"]
[SourceVersion "1"]
[SourceVersionDate "2010.11.26"]
[SourceQuality "1"]
[WhiteTeam "Bamberg"]
[BlackTeam "Klingenberg"]
[WhiteTeamCountry "GER"]
[BlackTeamCountry "GER"]

1. Nf3 e6 2. g3 f5 3. Bg2 Nf6 4. c4 c6 5. 0-0 d5 6. Qc2 Bd6 7. d3 0-0 8. Nbd2 f4 9. e4 fxe3 10. fxe3 Ng4 11. Nb3 Bd7 12. e4 Na6 13. c5 Bc7 14. d4 dxe4 15. Qxe4 Nf6 16. Qe2 Qe7 17. Bd2 Rae8 18. Rae1 Bc8 19. Qc4 Qd8 20. Ng5 Kh8 21. Nxe6 Bxe6 22. Rxe6 Rxe6 23. Qxe6 Re8 24. Qf5 Qc8 25. Qxc8 Rxc8 26. Bg5 Bd8 27. Bf4 Nb4 28. Be5 Kg8 29. Bh3 Ra8 30. Be6+ Kh8 31. Nc1 Be7 32. a3 Nbd5 33. Nd3 Rd8 34. Rf3 h6 35. Nf4 Nxf4 36. Rxf4 Kh7 37. h4 Re8 38. Bf7 Rf8 39. Bc4 Re8 40. Kg2 Kg6 41. g4 Rf8 42. Bd3+ Kf7 43. g5 hxg5 44. hxg5 Ke6 45. gxf6 gxf6 46. Bc7 Rg8+ 47. Kf3 Rh8 48. Bf5+ Kf7 49. Re4 1-0

[Event "Regionalliga NW 0708"]
[Site "Bayern"]
[Date "2008.04.06"]
[Round "8.2"]
[White "Strube, Frank"]
[Black "Kuhn, Norbert"]
[Result "1/2-1/2"]
[WhiteElo "2113"]
[BlackElo "2092"]
[PlyCount "115"]
[EventDate "2007.10.21"]
[EventType "team-tourn"]
[EventRounds "9"]
[EventCountry "GER"]
[SourceTitle "EXT 2009"]
[Source "ChessBase"]
[SourceDate "2008.11.26"]
[SourceVersion "1"]
[SourceVersionDate "2008.11.26"]
[SourceQuality "1"]
[WhiteTeam "Bamberg II"]
[BlackTeam "Wuerzburg II"]
[WhiteTeamCountry "GER"]
[BlackTeamCountry "GER"]

1. c4 e6 2. Nf3 d5 3. g3 Nf6 4. Bg2 Be7 5. 0-0 0-0 6. d4 c6 7. b3 Ne4 8. Nfd2 f5 9. Bb2 Nd7 10. Nxe4 fxe4 11. f3 exf3 12. exf3 dxc4 13. bxc4 Nb6 14. Qb3 e5 15. c5+ Nd5 16. dxe5 Bxc5+ 17. Kh1 Be6 18. Qxb7 Ne3 19. Qxc6 Qe7 20. Nc3 Rac8 21. Qe4 Nxf1 22. Rxf1 Rfd8 23. Qa4 Bd4 24. Ba3 Qc7 25. Nb5 Qxe5 26. f4 Qe3 27. Nd6 Rb8 28. f5 Bxa2 29. Bc1 Bb3 30. Bxe3 Bxa4 31. Bd5+ Kf8 32. Bxd4 Rxd6 33. Bc5 Ke7 34. Ra1 Rb5 35. Bxd6+ Kxd6 36. Rxa4 Rxd5 37. Rxa7 Rxf5 38. Rxg7 h5 39. Kg2 Ke6 40. Kh3 Kf6 41. Rg8 Kf7 42. Ra8 Kg6 43. Kh4 Rb5 44. Ra6+ Kg7 45. h3 Rc5 46. g4 hxg4 47. hxg4 Rb5 48. Ra7+ Kg6 49. Ra8 Kg7 50. Rc8 Ra5 51. Rc4 Rb5 52. g5 Rb1 53. Rf4 Rh1+ 54. Kg4 Rg1+ 55. Kf5 Ra1 56. Rd4 Rb1 57. Re4 Rg1 58. Kf4 1/2-1/2

[Event "Oberliga Bayern 0708"]
[Site "Bayern"]
[Date "2007.12.09"]
[Round "4.8"]
[White "Strube, Frank"]
[Black "Stocker, Rupert"]
[Result "1/2-1/2"]
[WhiteElo "2184"]
[BlackElo "2176"]
[PlyCount "59"]
[EventDate "2007.10.21"]
[EventType "team-tourn"]
[EventRounds "9"]
[EventCountry "GER"]
[SourceTitle "EXT 2009"]
[Source "ChessBase"]
[SourceDate "2008.11.26"]
[SourceVersion "1"]
[SourceVersionDate "2008.11.26"]
[SourceQuality "1"]
[WhiteTeam "Bamberg"]
[BlackTeam "Groebenzell"]
[WhiteTeamCountry "GER"]
[BlackTeamCountry "GER"]

1. d4 e6 2. c4 d5 3. Nf3 c5 4. cxd5 exd5 5. Nc3 Nc6 6. g3 Nf6 7. Bg2 Be7 8. 0-0 0-0 9. Bg5 cxd4 10. Nxd4 h6 11. Be3 Re8 12. Rc1 Bg4 13. h3 Be6 14. Qc2 Qd7 15. Kh2 Rac8 16. Rfd1 Bf8 17. a3 a6 18. Qa4 Qe7 19. Nxc6 Rxc6 20. Rd2 Rc4 21. Qd1 Rec8 22. Bd4 Ne4 23. Rdc2 Nxc3 24. Rxc3 b5 25. Rxc4 dxc4 26. Bc3 Rd8 27. Qc2 Qa7 28. Ba5 Rd7 29. e3 Rd3 30. Be4 1/2-1/2

[Event "Regionalliga NW 0607"]
[Site "Bayern"]
[Date "2007.02.25"]
[Round "6.1"]
[White "Fuks, Boris"]
[Black "Strube, Frank"]
[Result "1-0"]
[WhiteElo "2124"]
[BlackElo "2149"]
[PlyCount "85"]
[EventDate "2006.10.15"]
[EventType "team-tourn"]
[EventRounds "9"]
[EventCountry "GER"]
[SourceTitle "EXT 2008"]
[Source "ChessBase"]
[SourceDate "2007.11.25"]
[SourceVersion "1"]
[SourceVersionDate "2007.11.25"]
[SourceQuality "1"]
[WhiteTeam "Schweinheim"]
[BlackTeam "Bamberg II"]
[WhiteTeamCountry "GER"]
[BlackTeamCountry "GER"]

1. e4 c5 2. Nf3 a6 3. d4 cxd4 4. Nxd4 Nf6 5. Nc3 e5 6. Nb3 Bb4 7. Bg5 h6 8. Bh4 g5 9. Bg3 Nxe4 10. Qe2 Nxc3 11. Qxe5+ Qe7 12. a3 0-0 13. axb4 Qxe5+ 14. Bxe5 Re8 15. bxc3 Rxe5+ 16. Kd2 d6 17. Na5 Nc6 18. Nc4 Rf5 19. f3 g4 20. Bd3 Rf6 21. Rae1 Bf5 22. Nb6 Bxd3 23. Nxa8 Bg6 24. fxg4 Rf2+ 25. Re2 Rf4 26. Nb6 Rxg4 27. Rg1 Ne5 28. Kc1 Nf3 29. Rh1 Ng5 30. Nc8 Rc4 31. Ne7+ Kg7 32. Nxg6 Kxg6 33. Re7 b5 34. Rd1 Ne4 35. Rd4 Nxc3 36. Rxc4 bxc4 37. Kd2 Nd5 38. Rb7 f5 39. c3 f4 40. Rd7 Ne3 41. Rxd6+ Kg5 42. g3 fxg3 43. Kxe3 1-0

[Event "Regionalliga NW 0607"]
[Site "Bayern"]
[Date "2006.11.19"]
[Round "3.1"]
[White "Strube, Frank"]
[Black "Strobel, Walter"]
[Result "1/2-1/2"]
[WhiteElo "2149"]
[BlackElo "2134"]
[PlyCount "45"]
[EventDate "2006.10.15"]
[EventType "team-tourn"]
[EventRounds "9"]
[EventCountry "GER"]
[SourceTitle "EXT 2008"]
[Source "ChessBase"]
[SourceDate "2007.11.25"]
[SourceVersion "1"]
[SourceVersionDate "2007.11.25"]
[SourceQuality "1"]
[WhiteTeam "Bamberg II"]
[BlackTeam "Klingenberg"]
[WhiteTeamCountry "GER"]
[BlackTeamCountry "GER"]

1. d4 d5 2. c4 c6 3. cxd5 cxd5 4. Nf3 Nc6 5. Nc3 Nf6 6. Bf4 a6 7. Ne5 e6 8. Nxc6 bxc6 9. a3 c5 10. dxc5 Bxc5 11. e3 0-0 12. Rc1 Bd6 13. Qd4 Bxf4 14. exf4 Bd7 15. Bd3 Qa5 16. 0-0 Rfb8 17. Rfd1 Qb6 18. Qe5 Rc8 19. Rc2 d4 20. Ne4 Ba4 21. Rxc8+ Rxc8 22. Rb1 Nxe4 23. Qxe4 1/2-1/2

[Event "BL2-Ost 0607"]
[Site "Germany"]
[Date "2006.10.29"]
[Round "2.8"]
[White "Strube, Frank"]
[Black "Linhart, Wolfgang"]
[Result "1/2-1/2"]
[WhiteElo "2195"]
[BlackElo "2220"]
[PlyCount "55"]
[EventDate "2006.10.15"]
[EventType "team-tourn"]
[EventRounds "9"]
[EventCountry "GER"]
[SourceTitle "EXT 2008"]
[Source "ChessBase"]
[SourceDate "2007.11.25"]
[SourceVersion "1"]
[SourceVersionDate "2007.11.25"]
[SourceQuality "1"]
[WhiteTeam "Bamberg"]
[BlackTeam "Passau"]
[WhiteTeamCountry "GER"]
[BlackTeamCountry "GER"]

1. c4 Nf6 2. Nc3 e5 3. g3 c6 4. Nf3 e4 5. Nd4 d5 6. cxd5 Qb6 7. Nb3 cxd5 8. Bg2 Bb4 9. 0-0 0-0 10. d3 Bxc3 11. bxc3 Bf5 12. Be3 Qc7 13. dxe4 dxe4 14. Bf4 Qc8 15. Nd4 Bh3 16. Qa4 Bxg2 17. Kxg2 Nd5 18. Bxb8 Rxb8 19. Rac1 Qg4 20. e3 b5 21. Qb3 Nf6 22. Qd1 Rfc8 23. Qxg4 Nxg4 24. Nf5 Rc5 25. Nd6 f5 26. h3 Nf6 27. c4 bxc4 28. Rxc4 1/2-1/2

[Event "Regionalliga NW 0607"]
[Site "Bayern"]
[Date "2006.10.15"]
[Round "1.1"]
[White "Kannenberg, Karl Heinz"]
[Black "Strube, Frank"]
[Result "0-1"]
[WhiteElo "2143"]
[BlackElo "2149"]
[PlyCount "106"]
[EventDate "2006.10.15"]
[EventType "team-tourn"]
[EventRounds "9"]
[EventCountry "GER"]
[SourceTitle "EXT 2008"]
[Source "ChessBase"]
[SourceDate "2007.11.25"]
[SourceVersion "1"]
[SourceVersionDate "2007.11.25"]
[SourceQuality "1"]
[WhiteTeam "Kitzingen"]
[BlackTeam "Bamberg II"]
[WhiteTeamCountry "GER"]
[BlackTeamCountry "GER"]

1. d4 d5 2. Nf3 c6 3. Nbd2 Nf6 4. e3 Bg4 5. c4 e6 6. Qb3 Qc7 7. Ne5 Bh5 8. Bd3 Nbd7 9. f4 Be7 10. 0-0 Nxe5 11. fxe5 dxc4 12. Qxc4 Nd5 13. Nf3 0-0 14. Bd2 Rac8 15. b4 b6 16. e4 b5 17. Qb3 Nb6 18. Be3 Qd7 19. Rac1 Bg6 20. Qb1 Na4 21. Rf2 a6 22. g4 Rfd8 23. h4 h5 24. g5 c5 25. bxc5 Nxc5 26. Bc2 Nb7 27. Bd2 Qc6 28. Bd3 Qb6 29. Rxc8 Rxc8 30. Bb4 Bxb4 31. Qxb4 Qc6 32. Rc2 Qd7 33. Rxc8+ Qxc8 34. Kf2 Qc1 35. Qd2 Qa3 36. Ne1 Na5 37. d5 exd5 38. exd5 Qc5+ 39. Ke2 Nc4 40. Bxc4 bxc4 41. e6 fxe6 42. dxe6 c3 43. Qd8+ Kh7 44. e7 Qc4+ 45. Nd3 Qxa2+ 46. Kf1 Qf7+ 47. Ke1 Qe6+ 48. Kf2 c2 49. Nc1 Qe4 50. Kf1 Qf4+ 51. Ke2 Qxc1 52. e8Q Qd1+ 53. Kf2 Qxd8 0-1

[Event "Oberliga Bayern 0506"]
[Site "Bayern"]
[Date "2006.04.02"]
[Round "9.4"]
[White "Meister, Peter"]
[Black "Strube, Frank"]
[Result "1/2-1/2"]
[WhiteElo "2336"]
[BlackElo "2149"]
[PlyCount "21"]
[EventDate "2005.10.23"]
[EventType "team-tourn"]
[EventRounds "9"]
[EventCountry "GER"]
[SourceTitle "EXT 2007"]
[Source "ChessBase"]
[SourceDate "2006.11.23"]
[SourceVersion "1"]
[SourceVersionDate "2006.11.23"]
[SourceQuality "1"]
[WhiteTeam "Bamberg SC"]
[BlackTeam "Zirndorf"]
[WhiteTeamCountry "GER"]
[BlackTeamCountry "GER"]

1. d4 d5 2. Nf3 c6 3. c4 Nf6 4. cxd5 cxd5 5. Nc3 Nc6 6. Bf4 Ne4 7. e3 Nxc3 8. bxc3 g6 9. Ne5 Qa5 10. Qb3 Bg7 11. Bb5 1/2-1/2

[Event "Oberliga Bayern 0506"]
[Site "Bayern"]
[Date "2006.03.12"]
[Round "8.4"]
[White "Strube, Frank"]
[Black "Blazkova, Petra"]
[Result "1/2-1/2"]
[WhiteElo "2149"]
[BlackElo "2268"]
[PlyCount "80"]
[EventDate "2005.10.23"]
[EventType "team-tourn"]
[EventRounds "9"]
[EventCountry "GER"]
[SourceTitle "EXT 2007"]
[Source "ChessBase"]
[SourceDate "2006.11.23"]
[SourceVersion "1"]
[SourceVersionDate "2006.11.23"]
[SourceQuality "1"]
[WhiteTeam "Zirndorf"]
[BlackTeam "Bad Koenigshofen"]
[WhiteTeamCountry "GER"]
[BlackTeamCountry "GER"]

1. c4 e5 2. g3 Nc6 3. Bg2 g6 4. Nc3 Bg7 5. d3 d6 6. e4 f5 7. Nge2 Nge7 8. 0-0 0-0 9. Nd5 f4 10. gxf4 exf4 11. Ndxf4 Nd4 12. Nxd4 Bxd4 13. Ne2 Bg4 14. Bh6 Nc6 15. Bxf8 Qxf8 16. Qd2 Bxe2 17. Qxe2 Ne5 18. Qd2 Qf6 19. Kh1 Qh4 20. f4 Ng4 21. Bf3 Ne3 22. f5 Nxf1 23. Rxf1 g5 24. Qg2 Kg7 25. b4 h5 26. Qg3 Qxg3 27. hxg3 g4 28. Bd1 Kf6 29. Kg2 a5 30. b5 Rf8 31. Bb3 b6 32. Rd1 Re8 33. Rh1 Kg5 34. c5 Bxc5 35. Rxh5+ Kxh5 36. Bf7+ Kg5 37. Bxe8 Bd4 38. Bd7 Kf6 39. Be8 Be5 40. Bd7 Bd4 1/2-1/2

[Event "Oberliga Bayern 0506"]
[Site "Bayern"]
[Date "2005.11.27"]
[Round "3.4"]
[White "Strube, Frank"]
[Black "De Francesco, Klaus"]
[Result "0-1"]
[WhiteElo "2149"]
[BlackElo "2180"]
[PlyCount "68"]
[EventDate "2005.10.23"]
[EventType "team-tourn"]
[EventRounds "9"]
[EventCountry "GER"]
[SourceTitle "EXT 2007"]
[Source "ChessBase"]
[SourceDate "2006.11.23"]
[SourceVersion "1"]
[SourceVersionDate "2006.11.23"]
[SourceQuality "1"]
[WhiteTeam "Zirndorf"]
[BlackTeam "Pasing"]
[WhiteTeamCountry "GER"]
[BlackTeamCountry "GER"]

1. Nf3 d5 2. g3 c6 3. Bg2 Nf6 4. d3 Bf5 5. Nbd2 e6 6. 0-0 h6 7. b3 Be7 8. Bb2 0-0 9. Ne5 Bh7 10. c4 a5 11. a3 Qb6 12. Qc2 Na6 13. Qc3 Rfd8 14. d4 c5 15. e3 Bf8 16. Rac1 Rac8 17. Rfd1 Qc7 18. Nd3 b6 19. Ne5 Nb4 20. Ra1 Nc2 21. Ra2 cxd4 22. exd4 dxc4 23. Qxc4 Qd6 24. Qa6 Nxd4 25. Bxd4 Qxd4 26. Nc6 Rxc6 27. Bxc6 Bc5 28. Qf1 Ng4 29. Rc1 Nxf2 30. Rc4 Qd6 31. Rxc5 Qxc5 32. Qxf2 Qxc6 33. h3 Bf5 34. g4 Bg6 0-1

[Event "Oberliga Bayern 0405"]
[Site "Bayern"]
[Date "2004.12.12"]
[Round "4.5"]
[White "Strube, Frank"]
[Black "Trassl, Franz"]
[Result "1/2-1/2"]
[WhiteElo "2180"]
[BlackElo "2152"]
[PlyCount "42"]
[EventDate "2004.10.24"]
[EventType "team-tourn"]
[EventRounds "9"]
[EventCountry "GER"]
[SourceTitle "EXT 2020"]
[Source "ChessBase"]
[SourceDate "2019.10.17"]
[SourceVersion "1"]
[SourceVersionDate "2019.10.17"]
[SourceQuality "1"]
[WhiteTeam "Zirndorf"]
[BlackTeam "Krumbach"]
[WhiteTeamCountry "GER"]
[BlackTeamCountry "GER"]

1. c4 g6 2. Nc3 Bg7 3. g3 d6 4. Bg2 c6 5. d4 Nf6 6. Nf3 0-0 7. 0-0 Qa5 8. e4 Bg4 9. h3 Bxf3 10. Bxf3 Nfd7 11. Qb3 Qb6 12. Be3 Na6 13. Qc2 Qc7 14. a3 c5 15. d5 Qc8 16. Kh2 Nc7 17. Bg4 Qe8 18. Bxd7 Qxd7 19. Rab1 b5 20. cxb5 Nxb5 21. Qa4 a6 1/2-1/2

[Event "Oberliga Bayern 0304"]
[Site "Bayern"]
[Date "2004.04.25"]
[Round "9.6"]
[White "Strube, Frank"]
[Black "Lutz, Dieter"]
[Result "1-0"]
[WhiteElo "2182"]
[BlackElo "2120"]
[PlyCount "137"]
[EventDate "2003.10.12"]
[EventType "team-tourn"]
[EventRounds "9"]
[EventCountry "GER"]
[SourceTitle "EXT 2006"]
[Source "ChessBase"]
[SourceDate "2005.11.24"]
[SourceVersion "1"]
[SourceVersionDate "2005.11.24"]
[SourceQuality "1"]
[WhiteTeam "Zirndorf"]
[BlackTeam "Nuernberg NT"]
[WhiteTeamCountry "GER"]
[BlackTeamCountry "GER"]

1. c4 e5 2. Nc3 Nf6 3. g3 Bb4 4. Bg2 Bxc3 5. dxc3 h6 6. Nf3 Nc6 7. 0-0 d6 8. Ne1 Be6 9. b3 Qd7 10. e4 Bh3 11. f3 0-0 12. Qe2 Nh7 13. g4 Bxg2 14. Nxg2 Ng5 15. h4 Ne6 16. Kf2 Ne7 17. Be3 Ng6 18. Rh1 Qe7 19. Qd2 Rfd8 20. Rag1 c6 21. h5 Ngf8 22. Nh4 Nh7 23. Nf5 Qf6 24. Rd1 Rd7 25. Qe2 Nhg5 26. Kg3 Nf4 27. Bxf4 exf4+ 28. Kg2 Qxc3 29. Rd4 Ne6 30. Qd2 Qxd2+ 31. Rxd2 Rad8 32. Rhd1 Nc7 33. Rxd6 Rxd6 34. Rxd6 Rxd6 35. Nxd6 b5 36. Nc8 a6 37. Ne7+ Kf8 38. Nxc6 Ke8 39. Ne5 f6 40. Nd3 bxc4 41. bxc4 Ne6 42. Kf2 Kd7 43. Nb4 a5 44. Nc2 Kd6 45. Ke2 Kc5 46. Kd3 Ng5 47. Nd4 Kb4 48. a4 Nf7 49. Nc2+ Kb3 50. Nd4+ Kb4 51. Nc6+ Kc5 52. Nxa5 Ne5+ 53. Ke2 Nxc4 54. Nxc4 Kxc4 55. a5 Kb5 56. Kd3 Kxa5 57. e5 fxe5 58. Ke4 Kb5 59. Kxe5 Kc5 60. Kxf4 Kd6 61. Kf5 Ke7 62. Kg6 Kf8 63. f4 Kg8 64. f5 Kf8 65. f6 Kg8 66. Kf5 Kf7 67. fxg7 Kg8 68. Kf6 Kh7 69. g8Q+ 1-0

[Event "Oberliga Bayern 0304"]
[Site "Bayern"]
[Date "2003.12.14"]
[Round "4.4"]
[White "Kaeppel, Roland"]
[Black "Strube, Frank"]
[Result "1-0"]
[WhiteElo "2096"]
[BlackElo "2182"]
[PlyCount "109"]
[EventDate "2003.10.12"]
[EventType "team-tourn"]
[EventRounds "9"]
[EventCountry "GER"]
[SourceTitle "EXT 2006"]
[Source "ChessBase"]
[SourceDate "2005.11.24"]
[SourceVersion "1"]
[SourceVersionDate "2005.11.24"]
[SourceQuality "1"]
[WhiteTeam "Schwabach"]
[BlackTeam "Zirndorf"]
[WhiteTeamCountry "GER"]
[BlackTeamCountry "GER"]

1. d4 d5 2. c4 c6 3. Nf3 Nf6 4. e3 g6 5. Nc3 Bg7 6. Bd3 0-0 7. 0-0 dxc4 8. Bxc4 Bg4 9. h3 Bxf3 10. Qxf3 Nbd7 11. Rd1 e5 12. d5 Qc7 13. e4 Rad8 14. Bg5 h6 15. Be3 c5 16. Rac1 a6 17. a4 Ne8 18. d6 Nxd6 19. Nd5 Qb8 20. Ba2 Kh7 21. Bxc5 Nxc5 22. Rxc5 f5 23. exf5 Rxf5 24. Qe3 Rg5 25. Bb1 Nf5 26. Qe4 Qd6 27. Rcc1 h5 28. Ne3 Nd4 29. h4 Rf5 30. Rxd4 exd4 31. Nxf5 gxf5 32. Qxf5+ Kg8 33. Ba2+ Kh8 34. Qxh5+ Qh6 35. Qxh6+ Bxh6 36. Rd1 Bg7 37. Rd3 Rc8 38. Bb3 Rc5 39. g4 Be5 40. Kg2 b5 41. axb5 Rxb5 42. Kf3 a5 43. g5 Kh7 44. Kg4 Rb4 45. f4 Bb8 46. h5 a4 47. Bc2 Rxb2 48. Bxa4 Ba7 49. Bc6 Re2 50. Kf5 Re3 51. Rxe3 dxe3 52. Bb5 Bb8 53. Bd3 Kg7 54. h6+ Kh8 55. g6 1-0

[Event "Oberliga Bayern 0304"]
[Site "Bayern"]
[Date "2003.11.23"]
[Round "3.5"]
[White "Strube, Frank"]
[Black "Hiermann, Dietmar"]
[Result "1/2-1/2"]
[WhiteElo "2182"]
[BlackElo "2196"]
[PlyCount "72"]
[EventDate "2003.10.12"]
[EventType "team-tourn"]
[EventRounds "9"]
[EventCountry "GER"]
[SourceTitle "EXT 2006"]
[Source "ChessBase"]
[SourceDate "2005.11.24"]
[SourceVersion "1"]
[SourceVersionDate "2005.11.24"]
[SourceQuality "1"]
[WhiteTeam "Zirndorf"]
[BlackTeam "Passau"]
[WhiteTeamCountry "GER"]
[BlackTeamCountry "GER"]

1. Nf3 d5 2. g3 Bg4 3. Bg2 Nd7 4. c4 dxc4 5. Na3 Ngf6 6. Nxc4 e6 7. Nfe5 c6 8. Nxg4 Nxg4 9. 0-0 h5 10. h3 Ngf6 11. d4 Nb6 12. Nxb6 Qxb6 13. e4 Rd8 14. Be3 g6 15. d5 Bc5 16. Qf3 Nd7 17. Bxc5 Nxc5 18. Qc3 0-0 19. Rac1 Na6 20. dxe6 fxe6 21. Qe5 Kf7 22. Qg5 Qd4 23. Rc3 Kg7 24. e5 Rf5 25. Qe7+ Rf7 26. Qxe6 Nc7 27. Qb3 Qxe5 28. Re3 Qb5 29. Qc3+ Kh7 30. Rf3 Rxf3 31. Bxf3 Qf5 32. Bg2 Qf7 33. Qb4 Nd5 34. Qd4 a6 35. Re1 Rd7 36. Qc5 Re7 1/2-1/2